Lyrics - Girl, so confusing Charli XCX ft Lorde - Statistics

General Stats
  • This quiz has been taken 760 times
  • The average score is 443 of 497
Answer Stats
Answer % Correct
a
100%
be
100%
confusing
100%
confusing)
100%
Girl
100%
girl
100%
girl?
100%
I
100%
it
100%
so
100%
So
100%
it's
99%
It's
99%
(It's
99%
to
99%
you
99%
You
99%
sometimes
98%
Sometimes
98%
do
97%
me
97%
the
97%
The
97%
we
97%
We
97%
When
97%
when
97%
Go
96%
go
96%
in
96%
like
95%
say
95%
then
95%
Just
94%
just
94%
bit
93%
don't
93%
feel
93%
know
93%
Know
93%
and
92%
And
92%
hair
92%
same
92%
hate
91%
Hate
91%
How
91%
how
91%
out
91%
They
90%
Think
90%
think
90%
at
89%
got
89%
have
89%
Let's
89%
might
89%
Might
89%
we're
89%
your
89%
But
88%
alike
87%
if
87%
wanna
87%
Cause
86%
always
85%
being
85%
common
85%
that
85%
we've
85%
for
84%
I'm
84%
much
84%
People
84%
restaurant
84%
Was
84%
was
84%
eat
83%
honest
83%
my
83%
My
83%
on
83%
feels
81%
you're
81%
all
80%
bitch
80%
see
80%
awkward
79%
last
79%
walk
79%
about
78%
head
78%
Maybe
78%
music
78%
said
78%
voice
77%
talk
76%
back
75%
been
75%
body
75%
someone
75%
making
74%
minute
74%
remix
74%
weight
74%
cancel
73%
feeling
73%
ten
73%
gained
72%
I've
72%
myself
72%
years
72%
couple
71%
starve
71%
Charli
70%
(Charli
70%
Charli)
70%
lost
70%
over
70%
thinner
70%
up
70%
work
70%
from
69%
war
69%
tell
68%
young
68%
building
67%
Essex
67%
Falling
67%
told
67%
tried
67%
weapon
67%
Well
67%
woke
67%
Yeah
67%
failing
66%
get
66%
with
66%
Can't
65%
can't
65%
icon
65%
Until
65%
inside
64%
still
64%
industry
63%
note
63%
ride
63%
There's
63%
crazy
62%
I'd
62%
internet
61%
speechless
61%
Totally
61%
coin
60%
life
60%
now
60%
scared
60%
what
60%
will
60%
awesome
59%
Forgot
59%
loves
59%
put
59%
second
59%
thought
59%
never
58%
pictures
58%
this
58%
honestly
57%
seemed
57%
you'd
56%
You'd
56%
bed
55%
believed
50%
She
50%
spend
50%
projection
49%
glad
46%
hatred
46%
self-defence
45%
too
45%
trapped
45%
Man
31%
No matching quizzes found
Score Distribution
Percent of People with Each Score
Percentile by Number Answered
Your Score History
You have not taken this quiz